| 000 | 00522nam a2200133 a 4500 | ||
|---|---|---|---|
| 008 | 120416s1987 ||||||||||||||||| || u | ||
| 050 | _aQE 471.3 Han | ||
| 100 | _aWilson, M. J | ||
| 245 | 1 | 2 |
_aA Handbook of determinative methods in clay mineralogy _cedited by M.J. Wilson |
| 260 |
_aNew York _bChapman & Hall _c1987 |
||
| 300 | _aviii, 308p. : ill | ||
| 350 | _a0.00 | ||
| 995 |
_D0.00 _FCBU-MAIN LIBRARY (Kitwe) _H1 _I42.00 _UAVAILABLE _ZAnnex Low-Usage Collection |
||
| 999 |
_c45260 _d45260 |
||